Представление документа в формате MARC21

Поле Инд. ПП Название Значение
Тип записи a
Библиографический уровень m
001 Контрольный номер 3715eaad05e4461792f07a2e7a8ca7b5
005 Дата корректировки 20260409133411.4
020 a ISBN 978-5-534-07499-4
041 0_ a Код языка текста rus
044 a Код страны публикации RU
080 a Индекс УДК 373.167.1:57
097 b Оператор *Ви*
100 1_ a Автор Обухов Д.К.
245 10 a Заглавие Биология: клетки и ткани
b Продолж. заглавия учебник для СПО
b Продолж. заглавия в составе учебно-методического комплекса
250 a Основные сведения об издании 3-е изд., перераб. и доп.
260 a Место издания Москва
b Издательство Юрайт
c Дата издания 2026
300 a Объем 358 с.
440 _0 a Серия Профессиональное образование
440 _0 a Серия УМК-У
516 8_ a Прим. о типе комп. файла/ данных Текст : электронный
516 8_ a Прим. о типе комп. файла/ данных Режим доступа: по подписке
516 8_ a Прим. о типе комп. файла/ данных Дата обращения: 01.04.2026
520 0_ a Аннотация Особенностью пособия является широкий охват проблем современной биологии клетки и тканей — от вирусов и прокариот до клеток и тканей высших организмов. Кроме того, в книге большое внимание уделяется вопросам медицинской направленности. Рассматриваются не только общие вопросы строения той или иной клетки или ткани организмов, но и вопросы патологий, заболеваний и борьбы с ними. Теории и факты рассматриваются авторами с точки зрения разных научных школ современной биологии.
535 1_ a Хранилище Образовательная платформа Юрайт
583 a Действие Приписка : УМК
653 0_ a Ключевые слова Биология
a Ключевые слова Биология клетки
a Ключевые слова Биология тканей
a Ключевые слова Ткани высших организмов
a Ключевые слова СПО
700 12 a Другие авторы Кириленкова В.Н.
773 18 w Контрольный № источника 0acd1402707941ea8d2ecf293a54931a
856 40 u URL https://urait.ru/bcode/586481
901 t Тип документа m
905 b Дата создания записи обработка 08.04.26
c Дата приписки 09.04.26
952 b Гриф литературы для ВШ Гриф УМО СПО